Interior design since 1900 / (Record no. 14059)

000 -LEADER
fixed length control field 02704cam a2200361 i 4500
003 - CONTROL NUMBER IDENTIFIER
control field OSt
005 - DATE AND TIME OF LATEST TRANSACTION
control field 20260327163502.0
008 - FIXED-LENGTH DATA ELEMENTS--GENERAL INFORMATION
fixed length control field 190424t20202020enka b 001 0 eng d
020 ## - INTERNATIONAL STANDARD BOOK NUMBER
International Standard Book Number 9780500204603
Qualifying information (paperback)
035 ## - SYSTEM CONTROL NUMBER
System control number 20945969
035 ## - SYSTEM CONTROL NUMBER
System control number (OCoLC)1140149090
042 ## - AUTHENTICATION CODE
Authentication code lccopycat
050 00 - LIBRARY OF CONGRESS CALL NUMBER
Classification number NK1980
Item number .M37 2020
082 04 - DEWEY DECIMAL CLASSIFICATION NUMBER
Classification number 747.0904
Edition number 23
084 ## - OTHER CLASSIFICATION NUMBER
Classification number J535.1
Source of number clc
100 1# - MAIN ENTRY--PERSONAL NAME
Personal name Massey, Anne,
Dates associated with a name 1956-
Relator term author.
245 10 - TITLE STATEMENT
Title Interior design since 1900 /
Statement of responsibility, etc Anne Massey.
250 ## - EDITION STATEMENT
Edition statement Fourth edition ; new edition.
300 ## - PHYSICAL DESCRIPTION
Extent 271 pages :
Other physical details illustrations (chiefly colour) ;
Dimensions 21 cm.
490 1# - SERIES STATEMENT
Series statement World of art
500 ## - GENERAL NOTE
General note Previous edition: 2008.
504 ## - BIBLIOGRAPHY, ETC. NOTE
Bibliography, etc Includes bibliographical references and index.
505 0# - FORMATTED CONTENTS NOTE
Formatted contents note Reforming Victorian taste -- The search for a new style -- The modern movement -- Art deco and the moderne -- The emergence of interior decoration as a profession -- Post-war modernism -- Consumer culture -- The post-modern era -- The sustainability of interior design -- Transnational interiors.
520 ## - SUMMARY, ETC.
Summary, etc "From the 19th-century Arts and Crafts movement to the present day, and from Art Nouveau and Bauhaus to hi-tech and green design, every style of interior design since 1900 is charted in this wide-ranging survey. Design in the 20th century saw an extraordinary evolution, with the emergence of professional interior designers and the growing appetite to redesign homes at frequent intervals. In recent decades the focus has been on sustainable design in public spaces such as offices, factories and ships. Anne Massey explores these developments in social, political, economic and cultural contexts. More than 200 illustrations of interiors from around the world, from William Morris's drawing room to a 21st-century aircraft, reveal the fundamental changes in taste and style from Art Deco to Pop and from the Streamline Moderne to Post-Modernism. This volume has been a classic introduction to the subject for almost thirty years. The new, fourth edition is brought up to date with a chapter on transnational design, encompassing mid-century modernist work in Singapore and Sri Lanka as well as very recent interiors for spaces as varied as luxury hotels in Dubai and a contemporary art museum in Cape Town. Anne Massey shows how a shared language of design and cutting-edge technology are reshaping interiors around the globe." --
648 #7 - SUBJECT ADDED ENTRY--CHRONOLOGICAL TERM
Chronological term 1900-1999
Source of heading or term fast
650 #0 - SUBJECT ADDED ENTRY--TOPICAL TERM
Topical term or geographic name as entry element Interior decoration
General subdivision History
Chronological subdivision 20th century.
650 #7 - SUBJECT ADDED ENTRY--TOPICAL TERM
Topical term or geographic name as entry element Interior decoration
General subdivision History
Geographic subdivision 20th century.
Source of heading or term cct
650 #7 - SUBJECT ADDED ENTRY--TOPICAL TERM
Topical term or geographic name as entry element Interior decoration.
Source of heading or term fast
650 #7 - SUBJECT ADDED ENTRY--TOPICAL TERM
Topical term or geographic name as entry element Interieurkunst
Source of heading or term gtt
655 #7 - INDEX TERM--GENRE/FORM
Genre/form data or focus term History.
Source of term fast
830 #0 - SERIES ADDED ENTRY--UNIFORM TITLE
Uniform title World of art.
942 ## - ADDED ENTRY ELEMENTS (KOHA)
Source of classification or shelving scheme
Holdings
Withdrawn status Lost status Source of classification or shelving scheme Damaged status Koha normalized classification for sorting Not for loan Permanent location Current location Shelving location Date acquired Full call number Barcode Date last seen Price effective from Koha item type
        747_090400000000000   BMS College of Architecture, Design and Planning BMS College of Architecture, Design and Planning General Stacks 2025-12-03 747.0904 AR-UG4977 2026-02-10 2026-02-10 B.Design
        747_090400000000000   BMS College of Architecture, Design and Planning BMS College of Architecture, Design and Planning General Stacks 2025-12-03 747.0904 AR-UG4995 2026-02-10 2026-02-10 B.Design
Copyright © 2025, The Librarian, Library and Information Centre, BMSCA D&P, Bengaluru. All Rights Reserved
web counter

Powered by Koha